000
00260nam a22001097a 4500
008
170105b xxu||||| |||| 00| 0 eng d
020
_a
0721650171
041
_a
eng
080
_a
618.2
245
_a
SAUNDERS MANUAL OF NURSING CARE
_c
LUCKMANN, J
942
_2
udc
_c
BK
999
_c
2556
_d
2556